| 000 | 02222nam a2200253Ia 4500 | ||
|---|---|---|---|
| 005 | 20260121153837.0 | ||
| 008 | 008 260114s9999 xx 000 0 eng d | ||
| 020 | _a9781315220390 | ||
| 037 | _aEBOOK | ||
| 040 | _aCRL | ||
| 040 | _beng | ||
| 040 | _cCRL | ||
| 041 | _2eng | ||
| 041 | _aeng | ||
| 084 | _qCRL | ||
| 100 |
_aHubert Scherrer; Jean-Paul Issi; H. Julian Goldsmid; Chandra Mohan Bhandari; Alexander T. Burkov; Vladimir K. Zaitsev; Mikhail I. Fedorov; Bruce Allen Cook; David Emin; Harald Boettner; Friedemann Voelklein; Andrei A. Snarski; Peter Rogl; Vladimir Semenyuk; G. Jeffrey Snyder; Kevin Patrick Pipe; Vladimir M. Grabov; Yuri V. Ivanov; Terry M. Tritt; Vladimir L. Kuznetsov; Anatolie I. Casian; Lukian Ivanovyc Anatychuk; Alexander A. Balandin; Gang Chen; George Nolas; X.B. Zhao; Robert D. Abelson; Benjamin P. Banney; Mohamed S. El-Genk; Timothy P. Hogan; Kakuei Matsubara; Bo Brummerstedt Iversen; A.A. Pustovalov; Eckhard Mueller; Cronin B. Vining; Peter T. Clarke; Robert M. Weymouth; X.H. Ji; Andreas Meier; Takenobu Kajikawa; Mildred S. Dresselhaus; Ctirad Uher; Yan Kucherov; Dennis D. Klug; Kunihito Koumoto; Gerald D. Mahan; Gao Min; John S. Tse; Rama Venkatasubramanian; Saeid Ghamaty; Yury M. Belov; Joachim Nurnus; Mamoun Ahmed Muhammed; Joachim Schumann; Luca Bertini; Silke Buehler-Paschen; John G. Stockholm; Stanislas Scherrer; Marat V. Vedernikov; Joel Lee Harringa; Tom I-P. Shih; Kamisetty Ramam Rao; Carlo Gatti; Lev Petrovich Bulat; Ivan S. Eremin; Elena A. Gurieva; V.A. Kutasov; L.N. Lukyanova; Oleg N. Uryupin; Oleg J. Luste; Chris Dames; Fausto Cargnoni; Matthias Blumers; Peter L. Hagelstein; Tsuyoshi Kajitani; Sergei M. Manyakin; Mitsuru Matsuura; Michitaka Ohtaki; Ryoji Funahashi; Hamed Saber; Muhammet Toprak; Ichiro Terasaki; Brooks O'Quinn; Brett R. Manners; Edward Siivola; Armin Lambrecht; Axel Schubert; Christian Stiewe; S.G. Keith Williams; T.J. Zhu; Norber B. Elsner; Jack C. Bass; Igor V. Morgunov; D.M. Rowe _9999819 |
||
| 245 | 0 | _aThermoelectrics Handbook | |
| 260 | _bTaylor and Francis | ||
| 260 | _c2006 | ||
| 856 | _uhttp://www.taylorfrancis.com/books/9781315220390 | ||
| 942 | _cEBOOK | ||
| 999 |
_c1566640 _d1566640 |
||